Kitchen confidential : adventures in the culinary ... Read More
Available copies
- 0 of 1 copy available at LARL/NWRL Consortium.
- 0 of 1 copy available at Lake Agassiz Regional Library. (Show preferred library)
Current holds
0 current holds with 1 total copy.
Show Only Available Copies
| Location | Call Number / Copy Notes | Barcode | Shelving Location | Status | Due Date |
|---|---|---|---|---|---|
| Moorhead Public Library | 921 BOU (Text) | 33500014162721 | Main | Checked out | 05/29/2026 |
Record details
- ISBN: 9780060899226
- ISBN: 158234082X
- Physical Description: 307 p. ; 24 cm.
- Publisher: New York : Bloomsbury, 2000.
Search for related items by subject
| Subject: | Bourdain, Anthony. Restaurants > History. Cooks > Biography. |
| LDR | 00824cam a2200253Ia 4500 | ||
|---|---|---|---|
| 001 | 29213 | ||
| 003 | LARL_NWRL_CONSORTIUM | ||
| 005 | 20000525155020.0 | ||
| 008 | 000523s2000 nyu 000 0 eng d | ||
| 020 | . | ‡a9780060899226 | |
| 020 | . | ‡a158234082X | |
| 035 | . | ‡a(OCoLC)44104645 | |
| 040 | . | ‡aBRL ‡cBRL | |
| 090 | . | ‡aTX649.B68 ‡bA3 2000bx | |
| 092 | . | ‡a921 ‡bBou | |
| 100 | 1 | . | ‡aBourdain, Anthony. ‡0(LARL_NWRL_CONSORTIUM)9768 |
| 245 | 1 | 0. | ‡aKitchen confidential : ‡badventures in the culinary underbelly / ‡cAnthony Bourdain. |
| 260 | . | ‡aNew York : ‡bBloomsbury, ‡c2000. | |
| 300 | . | ‡a307 p. ; ‡c24 cm. | |
| 600 | 1 | 4. | ‡aBourdain, Anthony. ‡0(LARL_NWRL_CONSORTIUM)9768 |
| 650 | 0. | ‡aRestaurants ‡xHistory. | |
| 650 | 0. | ‡aCooks ‡vBiography. ‡0(LARL_NWRL_CONSORTIUM)171649 | |
| 901 | . | ‡a29213 ‡bOCLC ‡c29213 ‡tbiblio | |

Add to basket
Permalink
Disable Highlighting